ARRUPE JESUIT UNIVERSITY

CORONAVIRUS -STOP THE SPREAD - CLEAN,DISINFECT,COVER

Jesus and the message of the New Testament / (Record no. 128572)

MARC details
000 -LEADER
fixed length control field 01191cam a2200301 a 4500
001 - CONTROL NUMBER
control field 12858968
003 - CONTROL NUMBER IDENTIFIER
control field ARRUPE
005 - DATE AND TIME OF LATEST TRANSACTION
control field 20181115091645.0
008 - FIXED-LENGTH DATA ELEMENTS--GENERAL INFORMATION
fixed length control field 020717s2002 mnuc b 001 0 eng d
010 ## - LIBRARY OF CONGRESS CONTROL NUMBER
LC control number 2002284695
020 ## - INTERNATIONAL STANDARD BOOK NUMBER
International Standard Book Number 0800634691 (pbk.)
035 ## - SYSTEM CONTROL NUMBER
System control number (OCoLC)ocm49479706
040 ## - CATALOGING SOURCE
Original cataloging agency LNT
Transcribing agency LNT
Modifying agency DLC
042 ## - AUTHENTICATION CODE
Authentication code lccopycat
050 00 - LIBRARY OF CONGRESS CALL NUMBER
Classification number BS2397
Item number .J465 2002
082 00 - DEWEY DECIMAL CLASSIFICATION NUMBER
Classification number 225.6
Edition number 21
300 ## - PHYSICAL DESCRIPTION
Other physical details 1 port. ;
Dimensions 23 cm.
100 1# - MAIN ENTRY--PERSONAL NAME
Personal name Jeremias, Joachim,
Dates associated with a name 1900-
9 (RLIN) 1491
245 10 - TITLE STATEMENT
Title Jesus and the message of the New Testament /
Statement of responsibility, etc Joachim Jeremias ; edited by K.C. Hanson.
260 ## - PUBLICATION, DISTRIBUTION, ETC. (IMPRINT)
Place of publication, distribution, etc Minneapolis, MN :
Name of publisher, distributor, etc Fortress Press,
Date of publication, distribution, etc c2002.
300 ## - PHYSICAL DESCRIPTION
Extent xiii, 126 p. :
440 #0 - SERIES STATEMENT/ADDED ENTRY--TITLE
Title Fortress classics in biblical studies
9 (RLIN) 14848
500 ## - GENERAL NOTE
General note The chapters of this book have been previously published.
504 ## - BIBLIOGRAPHY, ETC. NOTE
Bibliography, etc Includes bibliographical references (p. 111-116) and indexes.
600 00 - SUBJECT ADDED ENTRY--PERSONAL NAME
Personal name Jesus Christ
General subdivision Person and offices.
9 (RLIN) 43461
630 00 - SUBJECT ADDED ENTRY--UNIFORM TITLE
Uniform title Bible.
Name of part/section of a work New Testament
General subdivision Theology.
9 (RLIN) 7188
700 1# - ADDED ENTRY--PERSONAL NAME
Personal name Hanson, K.C.
Fuller form of name (Kenneth C.)
9 (RLIN) 14850
906 ## - LOCAL DATA ELEMENT F, LDF (RLIN)
a 7
b cbc
c copycat
d 2
e ncip
f 20
g y-gencatlg
942 ## - ADDED ENTRY ELEMENTS (KOHA)
Source of classification or shelving scheme Library of Congress Classification
Koha item type Monograph ( Printed materials)
Holdings
Withdrawn status Lost status Source of classification or shelving scheme Damaged status Not for loan Collection code Home library Current library Shelving location Date acquired Total Checkouts Full call number Barcode Date last seen Price effective from Koha item type
    Library of Congress Classification     Main Collection ARRUPE LIBRARY ARRUPE LIBRARY Main Collection 15/11/2018   BS2397 .J465 2002 46600002579 15/11/2018 15/11/2018 Monograph ( Printed materials)

 

Arrupe Library. PO Box MP320 Mt Pleasant, Harare, Zimbabwe
263 242 745411|librarian@aju.ac.zw